Hattuschili und Ramses: Hethither und Ägypter - ihr langer Weg zum Frieden

"Dass du, mein Bruder, dieses geschrieben hast: "Sobald man die Tochter des Landes Hatti nach Ägypten bringt, da werden an diesem Tage die zwei grossen Länder zu einem Lande." Dieses Wort ist sehr, sehr richtig. Als man gutes Feinöl (als Zeichen des Verlöbnisses) auf das Haupt der Toc...

Full description

Saved in:  
Bibliographic Details
Main Author: Klengel, Horst 1933-2019 (Author)
Format: Print Image
Language:German
Subito Delivery Service: Order now.
Check availability: HBZ Gateway
WorldCat: WorldCat
Interlibrary Loan:Interlibrary Loan for the Fachinformationsdienste (Specialized Information Services in Germany)
Published: Mainz am Rhein Verlag Philipp von Zabern [2002]
In: Kulturgeschichte der antiken Welt (Band 95)
Year: 2002
Series/Journal:Kulturgeschichte der antiken Welt Band 95
Standardized Subjects / Keyword chains:B Egypt (Antiquity) / Hittites / History 1500 BC-1200 BC
B Egypt (Antiquity) / Hittites / Ramses II Egypt, Pharao 1290 BC-1223 BC / Hattusilis III Hittites, King / History 1500 BC-1200 BC
Further subjects:B Illustrated book
B Hittites
B Egypt History Nineteenth dynasty, ca. 1320-1200 B.C
B Hattusilis III King of the Hittites (active 1275 B.C.-1250 B.C)
B Ramses II King of Egypt
Online Access: Table of Contents

MARC

LEADER 00000cam a2200000 c 4500
001 352856440
003 DE-627
005 20251223201355.0
007 tu
008 020824s2002 gw ||||| 00| ||ger c
010 |a  2003437268 
020 |a 3805329172  |9 3-8053-2917-2 
035 |a (DE-627)352856440 
035 |a (DE-576)102128421 
035 |a (DE-599)GBV352856440 
035 |a (OCoLC)51695431 
035 |a (AT-OBV)AC03613668 
040 |a DE-627  |b ger  |c DE-627  |e rda 
041 |a ger 
044 |c XA-DE 
050 0 |a DS66 
082 0 |a 327.32035  |q LOC  |2 22 
084 |a 63  |2 sdnb 
084 |a 60  |2 sdnb 
084 |a 6,21  |a 6,22  |2 ssgn 
084 |a 6,21  |a 6,22  |a 6,22  |a 1  |2 ssgn 
084 |a LE 5562  |2 rvk  |0 (DE-625)rvk/91076: 
084 |a NG 5000  |2 rvk  |0 (DE-625)rvk/125434:13122 
084 |a 15.26  |2 bkl 
090 |a a 
100 1 |e VerfasserIn  |0 (DE-588)119519380  |0 (DE-627)080335519  |0 (DE-576)212852779  |4 aut  |a Klengel, Horst  |d 1933-2019 
109 |a Klengel, Horst 1933-2019  |a ホルスト・クレンゲル 1933-2019  |a Kurengeru, Horusuto 1933-2019  |a Horusuto・Kurengeru 1933-2019 
245 1 0 |a Hattuschili und Ramses  |b Hethither und Ägypter - ihr langer Weg zum Frieden  |c Horst Klengel 
264 1 |a Mainz am Rhein  |b Verlag Philipp von Zabern  |c [2002] 
264 4 |c © 2002 
300 |a 179 Seiten  |b Illustrationen, Karten 
336 |a Text  |b txt  |2 rdacontent 
336 |a unbewegtes Bild  |b sti  |2 rdacontent 
337 |a ohne Hilfsmittel zu benutzen  |b n  |2 rdamedia 
338 |a Band  |b nc  |2 rdacarrier 
490 1 |a Kulturgeschichte der antiken Welt  |v Band 95 
520 |a "Dass du, mein Bruder, dieses geschrieben hast: "Sobald man die Tochter des Landes Hatti nach Ägypten bringt, da werden an diesem Tage die zwei grossen Länder zu einem Lande." Dieses Wort ist sehr, sehr richtig. Als man gutes Feinöl (als Zeichen des Verlöbnisses) auf das Haupt der Tochter ausgoss, haben es die Götter der Unterwelt an sich genommen, und da wurden schon an diesem Tage die zwei grossen Länder zu einem Lande, und ihr, die beiden Grosskönige, gelangtet zu einer einzigartigen Brüderschaft. Die uns ebenbürtigen Könige unserer Umgebung - wer von ihnen mit uns gut steht, der möge sich vor unserem Antlitz freuen; wer mit uns in Frieden ist, der möge vor unserem Antlitz bleiben". Diese Worte über Frieden und Brüderschaft finden sich in einem der zahlreichen Briefe, die Puduchepa, Gemahlin des hethitischen Grosskönigs Hattuschili, an den ägyptischen Pharao Ramses sandte. Bis es zu Frieden und dynastischer Verbindung zwischen den damals, im 13. Jh. v. Chr., bedeutendsten Mächten des Vorderen Orients kam, war es ein langer Weg. Denn bereits seit Mitte des 14. Jhs. v. Chr. standen sich die anatolischen Hethiter und die Ägypter im eroberten Syrien nicht immer nur als Nachbarn gegenüber. In den Staatsarchiven der hethitischen Kult- und Residenzstadt Hattuscha wurden zahlreiche Keilschriftbriefe entdeckt, die das politische und wirtschaftliche Verhältnis der beiden Grossmächte schildern. 
583 1 |a Archivierung/Langzeitarchivierung gewährleistet  |f SSG  |x XA-DE-BW  |2 pdager  |5 DE-21 
583 1 |a Archivierung/Langzeitarchivierung gewährleistet  |f SSG  |x XA-DE-BW  |2 pdager  |5 DE-16 
600 1 0 |a Hattusilis  |b III  |c King of the Hittites  |d active 1275 B.C.-1250 B.C 
600 1 0 |a Ramses  |b II  |c King of Egypt 
650 0 |a Hittites 
651 0 |a Egypt  |x History  |y Nineteenth dynasty, ca. 1320-1200 B.C 
655 7 |a Bildband  |0 (DE-588)4145395-5  |0 (DE-627)104450835  |0 (DE-576)209741139  |2 gnd-content 
689 0 0 |d g  |0 (DE-588)4068430-1  |0 (DE-627)106105639  |0 (DE-576)209173815  |2 gnd  |a Ägypten  |g Altertum 
689 0 1 |d s  |0 (DE-588)4072478-5  |0 (DE-627)106095021  |0 (DE-576)209187174  |2 gnd  |a Hethiter 
689 0 2 |q z  |2 gnd  |a Geschichte v1500-v1200 
689 0 |5 DE-101 
689 1 0 |d g  |0 (DE-588)4068430-1  |0 (DE-627)106105639  |0 (DE-576)209173815  |2 gnd  |a Ägypten  |g Altertum 
689 1 1 |d s  |0 (DE-588)4072478-5  |0 (DE-627)106095021  |0 (DE-576)209187174  |2 gnd  |a Hethiter 
689 1 2 |d p  |0 (DE-588)118598171  |0 (DE-627)079390552  |0 (DE-576)209077484  |2 gnd  |a Ramses  |b II.  |c Ägypten, Pharao  |d v1290-v1223 
689 1 3 |d p  |0 (DE-588)118546740  |0 (DE-627)69478592X  |0 (DE-576)208950605  |2 gnd  |a Hattusili  |b III.  |c Hethiterreich, König 
689 1 4 |q z  |2 gnd  |a Geschichte v1500-v1200 
689 1 |5 (DE-627) 
830 0 |a Kulturgeschichte der antiken Welt  |v Band 95  |9 95  |w (DE-627)130262439  |w (DE-576)006919502  |w (DE-600)558082-1  |x 0937-9746  |7 am 
856 4 2 |u http://www.gbv.de/dms/bs/toc/352856440.pdf  |m V:DE-601  |m B:DE-84  |q pdf/application  |x Verlag  |y Inhaltsverzeichnis  |3 Inhaltsverzeichnis  |7 1 
935 |a mteo 
935 |i sf 
936 r v |a LE 5562  |b Alter Orient (Vorderasien)  |k Klassische Archäologie  |k Nachbarwissenschaften  |k Ägypten und Orient  |k Archäologie und Geschichte Ägyptens  |k Staat und Gesellschaft  |k Außenbeziehungen  |k Alter Orient (Vorderasien)  |0 (DE-627)1274766788  |0 (DE-625)rvk/91076:  |0 (DE-576)204766788 
936 r v |a NG 5000  |b Allgemeines  |k Geschichte  |k Alte Geschichte  |k Geschichte und Kultur des alten Orients und der Mittelmeervölker (ohne Griechen und Römer)  |k Einzelne Reiche und Völker  |k Kleinasien, Türkei  |k Allgemeines  |0 (DE-627)1270868861  |0 (DE-625)rvk/125434:13122  |0 (DE-576)200868861 
936 b k |a 15.26  |j Alter Orient  |j Nordafrika  |x Alte Geschichte  |0 (DE-627)181571021 
951 |a BO 
BIB |a 1 
ELC |b 1 
ITA |a 1  |t 1 
LOK |0 000 xxxxxcx a22 zn 4500 
LOK |0 001 3083846045 
LOK |0 003 DE-627 
LOK |0 004 352856440 
LOK |0 005 20031013000000 
LOK |0 008 031013||||||||||||||||ger||||||| 
LOK |0 040   |a DE-21  |c DE-627  |d DE-21 
LOK |0 852   |a DE-21 
LOK |0 852 1  |c 43 A 11906  |9 00 
LOK |0 935   |a theo  |a vord 
LOK |0 936ln  |a t16.2 
LOK |0 936ln  |a t16.6 
LOK |0 939   |a 13-10-03  |b l01 
LOK |0 000 xxxxxcx a22 zn 4500 
LOK |0 001 308384610X 
LOK |0 003 DE-627 
LOK |0 004 352856440 
LOK |0 005 20100408104235 
LOK |0 008 030117||||||||||||||||ger||||||| 
LOK |0 040   |a DE-21-31  |c DE-627  |d DE-21-31 
LOK |0 541   |e 02/2061 
LOK |0 852   |a DE-21-31 
LOK |0 852 1  |c Le I 31  |m p  |9 00 
LOK |0 938   |k p 
LOK |0 939   |a 17-01-03  |b l01 
LOK |0 000 xxxxxcx a22 zn 4500 
LOK |0 001 3083846126 
LOK |0 003 DE-627 
LOK |0 004 352856440 
LOK |0 005 20100325181151 
LOK |0 008 041130||||||||||||||||ger||||||| 
LOK |0 040   |a DE-21-11  |c DE-627  |d DE-21-11 
LOK |0 541   |e Y03-087 
LOK |0 852   |a DE-21-11 
LOK |0 852 1  |c ÄGY Ga Klen 1  |m p  |9 00 
LOK |0 935   |a aegy  |a k011 
LOK |0 938   |k p 
LOK |0 939   |a 30-11-04  |b l02 
ORI |a SA-MARC-ixtheoa001.raw 
REF |a Alte Geschichte 
REL |a 1 
STA 0 0 |a Hittites 
STB 0 0 |a Hittites 
STC 0 0 |a Hitita 
STD 0 0 |a Ittiti 
STE 0 0 |a 赫特人,赫梯人,海地特人 
STF 0 0 |a 赫特人,赫梯人,海地特人 
STG 0 0 |a Hitita 
STH 0 0 |a Хетты 
STI 0 0 |a Χετταίοι,Χιττίτες 
SUB |a BIB  |a REL 
SYG 0 0 |a Ägypten,Ägypten , Aegyptus,Miṣr,Egypt,Chibet,Ghubt,Ghibt,Arabische Republik Ägypten,Dschumhūriyyat Misr al-ʿArabiyya,Ǧumhūriyyat Misr al-ʿArabiyya,República Árabe de Egipto,Ŷumhūriyyat Miṣr Al-ʿArabiyyah,Arab Republic of Egypt,Ǧumhūriyyat Miṣr al-ʿArabiyyah,Arabiese Republiek Egipte,République arabe d'Égypte,Jumhuriyyat Miṣr al-ʿArabiyyah,Repubblica Araba d'Egitto,Egyiptomi Arab Köztársaság,Mısır Arap Cumhuriyeti,Ǧumhūrīyat Miṣr al-ʿArabīya,ARE,Egypte,al- Mamlaka al-Miṣrīya,ad- Daula al-Miṣrīya,Mısır,Egapt,République d'Egypte,Republic of Egypt,Egitto,Kingdom of Egypt,Republica Arabe de Egipto,Maṣr , Hettiter,Chetiter , Ägypten,Ägypten , Aegyptus,Miṣr,Egypt,Chibet,Ghubt,Ghibt,Arabische Republik Ägypten,Dschumhūriyyat Misr al-ʿArabiyya,Ǧumhūriyyat Misr al-ʿArabiyya,República Árabe de Egipto,Ŷumhūriyyat Miṣr Al-ʿArabiyyah,Arab Republic of Egypt,Ǧumhūriyyat Miṣr al-ʿArabiyyah,Arabiese Republiek Egipte,République arabe d'Égypte,Jumhuriyyat Miṣr al-ʿArabiyyah,Repubblica Araba d'Egitto,Egyiptomi Arab Köztársaság,Mısır Arap Cumhuriyeti,Ǧumhūrīyat Miṣr al-ʿArabīya,ARE,Egypte,al- Mamlaka al-Miṣrīya,ad- Daula al-Miṣrīya,Mısır,Egapt,République d'Egypte,Republic of Egypt,Egitto,Kingdom of Egypt,Republica Arabe de Egipto,Maṣr , Hettiter,Chetiter , Ramses,der Große,v1290-v1223,Ramses,II.,Roi, Egypte,v1290-v1223,Ramses,II.,King, Egypt,v1290-v1223 , Chattuschili,III.,Hethiterreich, König,H̱attušiliš,III.,Chatti, König,Chattušiliš,III.,Chatti, König 
TIM |a 099985000101_099988001231  |b Geschichte v1500-v1200